Guess the song by lyrics - Statistics

General Stats
  • This quiz has been taken 25 times
  • The average score is 4 of 16
Answer Stats
Lyrics Song Name % Correct
Mm, she the devil, She a bad lil' b*tch, she a rebel, She put her foot to the pedal, It'll take a whole lot for me to settle Paint The Town Red
56%
If I could write you a song to make you fall in love, I would already have you up under my arm, I used up all my tricks, I hope that you like this, But, you probably won't, you think you're... Cooler Than Me
44%
i got black, i got white, what you want? Hop outside a Ghost and hop up in a Phantom Ransom
44%
Pullin' out the coupe at the lot, Told 'em f*ck 12, f*ck SWAT The Box
33%
White shirt now red, my bloody nose bad guy
28%
I got my money, let's spend it up. Go out and smash it, like, oh my god I gotta feeling
28%
N*gga, the cops outside, Lock up the house THE SCOTTS
28%
To all the ladies in the place with style and grace, Allow me to lace these lyrical douches in your bushes Big Poppa
22%
So let's raise the bar, and our cups to the stars Get Lucky
22%
She's got glitter for skin, my radiant beam in the night, I don't need no light to see you Shine golden hour
22%
Hee-hee, i'm bad as michael jackson, dun, dun, dun HOLIDAY
17%
But if you knew her, she lives a lie, She calls the paparazzi, then she acts surprised, oh Popular
11%
She loves to be on the edge, her fantasy is okaywith me Take my breath
6%
Guess who's back with a brand new rap? And I don't mean "rap" as in a new case of child molestation accusations Just lose it
0%
I don't need the stars, the moon, the world if you bring me the sun. THE SUN
0%
F*ck money! I don't rap for dead presidents I'd rather see the President, It's never been said, but I set precedents We as americans
0%
No matching quizzes found
Score Distribution
Percent of People with Each Score
Percentile by Number Answered
Your Score History
You have not taken this quiz